000 00299nam a2200133Ia 4500
008 240624s9999 xx 000 0 und d
041 _aeng
082 _a823 STE
100 _aSTEEL DANIELLE
245 _aSUMMER S END
260 _c1979
_aGreat Britain
_bDell
300 _a383p. ; 18cm.
365 _c
999 _c3989
_d3989